000 00719nam a22002297a 4500
005 20251108165239.0
008 250721s2000 xx 000 0 ara d
082 1 4 _a551.46/سام
100 1 _aالسامرائي، طارق
245 1 0 _aموسوعة عالم البحار مخلوقات قاتلة و سامة و مضيئة و ثروة غذائية... /
264 1 _aعمان :
_bدار أسامة للنشر،
_c2000.
300 _a296ص
650 1 7 _aالعالم
650 1 7 _aالبحار
650 1 7 _aالأسماك
650 1 7 _aالمحيطات
650 1 7 _aالحيوانات المائية
650 1 7 _aالفقاريات
650 1 7 _aالحيتان
942 _2ddc
_cBK
999 _c23174
_d23174